banner-ar

Sinai : (Record no. 63039)

MARC details
000 -الفاتح
حقل البيانات ثابتة الطول 01219cam a22003137i 4500
005 - وقت وتاريخ اخر تعامل مع التسجيلة
رقم الضبط 20240530110620.0
008 - عناصر البيانات ثابتة الطول - معلومات عامة
حقل البيانات ثابتة الطول 141223s2014 ua a 000 0 eng d
020 ## - الرقم الدولى المعيارى للكتب
الرقم الدولى المعيارى للكتاب 9789774166617
040 ## - مصدر الفهرسة
وكالة النسخ EG-CaGPL
082 04 - رقم تصنيف ديوى العشرى
رقم التصنيف 779.3
رقم الطبعة 21
رقم المادة CC/A S
100 1# - المدخل الرئيسى - إسم شخصى
الإسم الشخصى Attum, Omar,
التواريخ المصاحبة للاسم 1973-
245 10 - بيان العنوان
العنوان Sinai :
بقية العنوان landscape and nature in Egypt's wilderness /
بيان المسئوليه,etc Omar Attum.
246 30 - العنوان الموازى
عنوان صحيح/عنوان مختصر Landscape and nature in Egypt's wilderness
300 ## - الوصف المادى
التعداد 181 pages :
تفاصيل ماديه اخرى للوعاء color illustrations ;
أبعاد الوعاء 26 cm
650 #0 - المدخل الاضافى بالموضوع-مصطلح موضوعى
مصطلح موضوعي Nature photography
التقسيم الفرعي الجغرافي Egypt
-- Sinai.
650 #7 - المدخل الاضافى بالموضوع-مصطلح موضوعى
مصطلح موضوعي Nature photography.
مصدر الرأس أو المصطلح fast
651 #0 - المدخل الاضافى بالموضوع - اسم جغرافى
الاسم الجغرافي Sinai (Egypt)
التقسيم الفرعي الشكلي Pictorial works.
651 #7 - المدخل الاضافى بالموضوع - اسم جغرافى
الاسم الجغرافي Egypt
التقسيم الفرعي الجغرافي Sinai.
مصدر الرأس أو المصطلح fast
942 ## - عناصر المدخل الإضافي( كوها)
مصدر التصنيف او مخطط الترفيف Dewey Decimal Classification
Koha [default] item type كتاب
264 #1 -
-- Cairo ;
-- New York :
-- The American University in Cairo Press,
-- 2014.
336 ## -
-- text
-- txt
-- rdacontent
337 ## -
-- unmediated
-- n
-- rdamedia
338 ## -
-- volume
-- nc
-- rdacarrier
650 #7 - المدخل الاضافى بالموضوع-مصطلح موضوعى
-- (OCoLC)fst01034687
651 #7 - المدخل الاضافى بالموضوع - اسم جغرافى
-- (OCoLC)fst01202965
655 #7 - مصطلح تكشيفى-نوع/شكل
بيانات النوع/ الشكل أو المصطلح الأساسي Pictorial works
مصدر المصطلح fast
-- (OCoLC)fst01423874
856 42 - الوصول و الموقع الالكترونى
مواد محددة Contributor biographical information
معرف المصدر الموحد http://www.loc.gov/catdir/enhancements/fy1604/2014451565-b.html
856 42 - الوصول و الموقع الالكترونى
مواد محددة Publisher description
معرف المصدر الموحد http://www.loc.gov/catdir/enhancements/fy1604/2014451565-d.html
Holdings
حالة التراجع حالة الفقد مصدر التصنيف او خطة الترفيف حالة تلف ليس للاعارة المكان المؤقت الموقع الحالى موقع الترفيف تاريخ الاكتساب اجمالي اﻻعارات رقم الطلب الباركود تاريخ اخر مشاهدة تاريخ تفعيل السعر نوع وعاء كوها
    ddc     مكتبة القاهرة الكبرى مكتبة القاهرة الكبرى   12/18/2016   779.3 CC/A S 162986 12/18/2016 12/18/2016 كتاب

Powered By

EGPV